书目信息 |
| 题名: |
怒江印象
|
|
| 作者: | 高舜礼 著 | |
| 分册: | ||
| 出版信息: | 北京 中国旅游出版社 2015 |
|
| 页数: | 207页 | |
| 开本: | 23cm | |
| 丛书名: | 中国乡土影像 | |
| 单 册: | ||
| 中图分类: | K928.974.2 | |
| 科图分类: | ||
| 主题词: | 旅游指南--Lv You Zhi Nan--怒江傈僳族自治州 | |
| 电子资源: | ||
| ISBN: | 978-7-5032-5257-0 | |
| 000 | 00893nam0 22002531 450 | |
| 001 | 0122135116 | |
| 005 | 20161122162858.82 | |
| 010 | @a978-7-5032-5257-0@dCNY49.00 | |
| 100 | @a20150328d2015 em y0chiy50 ea | |
| 101 | 0 | @achi |
| 102 | @aCN@b110000 | |
| 105 | @aa z 000yy | |
| 106 | @ar | |
| 200 | 1 | @a怒江印象@ANu Jiang Yin Xiang@f高舜礼著 |
| 210 | @a北京@c中国旅游出版社@d2015 | |
| 215 | @a207页@c图 (部分彩图)@d23cm | |
| 225 | 2 | @a中国乡土影像@AZhong Guo Xiang Tu Ying Xiang |
| 330 | @a本书共分为怒江篇、六库篇、泸水篇、石月亮篇、知子罗篇、丙中洛篇、峡谷篇共七卷, 主要内容包括: 三江并流的大地、怒江无舟、人背马驮、民族“少数”为“多数”等。 | |
| 410 | 0 | @12001 @a中国乡土影像 |
| 606 | 0 | @a旅游指南@ALv You Zhi Nan@y怒江傈僳族自治州 |
| 690 | @aK928.974.2@v5 | |
| 701 | 0 | @a高舜礼@AGao Shun Li@4著 |
| 801 | 0 | @aCN@bTANGWEI@c20161118 |
| 905 | @b0898746-50@dK928.974.2@e928@f5 | |
| 怒江印象/高舜礼著.-北京:中国旅游出版社,2015 |
| 207页:图 (部分彩图);23cm.-(中国乡土影像) |
| ISBN 978-7-5032-5257-0:CNY49.00 |
| 本书共分为怒江篇、六库篇、泸水篇、石月亮篇、知子罗篇、丙中洛篇、峡谷篇共七卷, 主要内容包括: 三江并流的大地、怒江无舟、人背马驮、民族“少数”为“多数”等。 |
| ● |
| 相关链接 |
|
|
|
|
正题名:怒江印象
索取号:K928.974.2/928
 
预约/预借
| 序号 | 登录号 | 条形码 | 馆藏地/架位号 | 状态 | 备注 |
| 1 | 0898746 | 208987462 | 第二样本阅览室/ [索取号:K928.974.2/928] | 在馆 | |
| 2 | 0898747 | 208987471 | 密集书库-资源管理系/ [索取号:K928.974.2/928] | 在馆 | |
| 3 | 0898748 | 208987480 | 第二借阅区/ [索取号:K928.974.2/928] | 在馆 | |
| 4 | 0898749 | 208987499 | 第二借阅区/ [索取号:K928.974.2/928] | 在馆 | |
| 5 | 0898750 | 208987505 | 第二借阅区/ [索取号:K928.974.2/928] | 在馆 |